The unfinished nation : (Record no. 12328)

000 -LEADER
fixed length control field 00469cam a2200157 a 4500
020 ## - INTERNATIONAL STANDARD BOOK NUMBER
ISBN 0072295597 (hc. : alk. paper)
020 ## - INTERNATIONAL STANDARD BOOK NUMBER
ISBN 0072295589 (pbk. : alk. paper)
040 ## - CATALOGING SOURCE
Transcribing agency DLC
082 00 - DEWEY DECIMAL CLASSIFICATION NUMBER
Classification number 973 MCG 2000 A099 Or.
100 1# - MAIN ENTRY--AUTHOR NAME
Personal name Brinkley, Alan.
245 14 - TITLE STATEMENT
Title The unfinished nation :
Remainder of title a concise history of the American people /
250 ## - EDITION STATEMENT
Edition statement 3rd ed.
260 ## - PUBLICATION, DISTRIBUTION, ETC. (IMPRINT)
Place of publication Boston :
Name of publisher McGraw-Hill,
Year of publication c2000.
300 ## - PHYSICAL DESCRIPTION
Number of Pages xl, 1048 p. :
Other physical details ill., col. maps ;
Dimensions 24 cm.
942 ## - ADDED ENTRY ELEMENTS (KOHA)
Koha item type សៀវភៅភាសាអង់គ្លេស
952 ## - LOCATION AND ITEM INFORMATION (KOHA)
Withdrawn status [LOCAL, KOHA] 0
Holdings
Permanent Location Date acquired Koha item type Lost status Shelving location Barcode Current Location Full call number
Library Block A2017-08-31សៀវភៅភាសាអង់គ្លេស A102A19576Library Block A973 MCG 2000 A102 Or.
មជ្ឈមណ្ឌលឯការនៃសាកលវិទ្យាល័យភូមិន្ទកសិកម្មចំការដូង

Powered by Koha